[Event "Varese op 13th"]
[Site "Varese"]
[Date "2014.10.11"]
[Round "2"]
[White "Squillante, Michele"]
[Black "Nipote, Mario"]
[Result "0-1"]
[WhiteElo "1715"]
[BlackElo "1523"]
[PlyCount "104"]
[EventDate "2014.10.10"]
[EventType "swiss"]
[EventRounds "5"]
[EventCountry "ITA"]
[SourceTitle "EXT 2016"]
[Source "ChessBase"]
[SourceDate "2015.10.08"]
[SourceVersion "1"]
[SourceVersionDate "2015.10.08"]
[SourceQuality "1"]

1. d4 d5 2. Nf3 Nf6 3. Bg5 e6 4. Nbd2 c5 5. c3 Nc6 6. e3 cxd4 7. exd4 Be7 8. Bd3 0-0 9. 0-0 h6 10. Bh4 Bd7 11. Ne5 Rc8 12. f4 Ne8 13. Bxe7 Nxe7 14. Ndf3 Nf6 15. Nxd7 Qxd7 16. Ne5 Qc7 17. f5 Qb6 18. Rb1 Nc6 19. Ng4 Nxg4 20. Qxg4 Ne5 21. Qe2 Nxd3 22. Qxd3 e5 23. Rfd1 Rfe8 24. Qg3 exd4 25. Rxd4 Re4 26. Qd3 Rce8 27. Kf1 Rxd4 28. Qxd4 Qxd4 29. cxd4 Re4 30. Rc1 Rxd4 31. Rc8+ Kh7 32. Rc7 Rf4+ 33. Ke2 Rxf5 34. Rxb7 a5 35. b3 Kg6 36. Rb5 d4 37. a4 Kf6 38. Kd3 Rf2 39. Rxa5 Rxg2 40. Rd5 Rxh2 41. Rxd4 h5 42. a5 Ra2 43. Ra4 Rb2 44. Kc3 Re2 45. a6 Re8 46. Kc4 g5 47. Kb5 h4 48. a7 Ra8 49. Kb6 h3 50. Kb7 Rxa7+ 51. Kxa7 h2 52. Ra1 g4 0-1

[Event "ITA-ch Seniors 34th"]
[Site "Arvier"]
[Date "2012.04.20"]
[Round "7"]
[White "Renzini, Lorenzo"]
[Black "Nipote, Mario"]
[Result "1-0"]
[WhiteElo "1745"]
[BlackElo "1504"]
[PlyCount "77"]
[EventDate "2012.04.14"]
[EventType "swiss"]
[EventRounds "9"]
[EventCountry "ITA"]
[SourceTitle "CBM 148 Extra"]
[Source "ChessBase"]
[SourceDate "2012.06.22"]
[SourceVersion "1"]
[SourceVersionDate "2012.06.22"]
[SourceQuality "1"]

1. c4 c5 2. g3 g6 3. Bg2 Bg7 4. Nf3 Nf6 5. d4 cxd4 6. Nxd4 Nc6 7. Nc3 0-0 8. Bf4 a6 9. 0-0 Qb6 10. Nxc6 dxc6 11. Qc2 Be6 12. Ne4 Bf5 13. Nxf6+ Bxf6 14. e4 Be6 15. Rab1 Rad8 16. b3 Rd7 17. Be3 Qc7 18. Rbd1 Rfd8 19. Bf4 Be5 20. Bxe5 Qxe5 21. Rxd7 Rxd7 22. Rd1 Rd4 23. Rxd4 Qxd4 24. h4 c5 25. Bf1 f5 26. exf5 Bxf5 27. Qe2 e6 28. Qe3 Qxe3 29. fxe3 Bb1 30. a3 Ba2 31. b4 cxb4 32. axb4 b6 33. Kf2 Kf7 34. Kf3 a5 35. c5 bxc5 36. bxa5 Bd5+ 37. e4 Ba8 38. Ke3 e5 39. Bc4+ 1-0

[Event "Villa Guardia Coppa D'Oro 29th"]
[Site "Villa Guardia"]
[Date "2011.11.01"]
[Round "6"]
[White "Nipote, Mario"]
[Black "Mason, Giovanni"]
[Result "0-1"]
[WhiteElo "1578"]
[BlackElo "1711"]
[PlyCount "74"]
[EventDate "2011.10.30"]
[EventType "swiss"]
[EventRounds "6"]
[EventCountry "ITA"]
[SourceTitle "EXT 2024"]
[Source "ChessBase"]
[SourceDate "2023.10.10"]
[SourceVersion "1"]
[SourceVersionDate "2023.10.10"]
[SourceQuality "1"]

1. d4 d5 2. Nf3 e6 3. c4 c6 4. Nc3 Bb4 5. e3 Nf6 6. Bd2 0-0 7. Bd3 Bxc3 8. Bxc3 dxc4 9. Bxc4 b5 10. Bd3 Nd5 11. Bd2 Na6 12. a3 Nac7 13. 0-0 f6 14. e4 Nb6 15. Rc1 Bd7 16. Bb1 a5 17. Ba2 Qe8 18. Re1 Kh8 19. Bf4 Na6 20. Rc2 Rf7 21. d5 c5 22. dxe6 Bxe6 23. Bxe6 Qxe6 24. Rd2 Nc4 25. Rd8+ Rf8 26. Rxf8+ Rxf8 27. Qc2 Rd8 28. Qb3 g5 29. Be3 Qd7 30. h3 a4 31. Qc3 Kg8 32. Nh2 Kf7 33. Ng4 Qe7 34. Nh6+ Kg6 35. Nf5 Qxe4 36. g4 Rd3 37. Qa5 Nxa5 0-1

[Event "Vanzaghello op-A 6th"]
[Site "Vanzaghello"]
[Date "2010.05.22"]
[Round "3"]
[White "Nipote, Mario"]
[Black "Di Chiara, Mauro"]
[Result "0-1"]
[WhiteElo "1607"]
[BlackElo "1935"]
[PlyCount "44"]
[EventDate "2010.05.21"]
[EventType "swiss"]
[EventRounds "5"]
[EventCountry "ITA"]
[SourceTitle "EXT 2024"]
[Source "ChessBase"]
[SourceDate "2023.10.10"]
[SourceVersion "1"]
[SourceVersionDate "2023.10.10"]
[SourceQuality "1"]

1. d4 d6 2. c4 Nf6 3. Nf3 g6 4. Nc3 Bg7 5. e3 0-0 6. Bd3 Nbd7 7. 0-0 e5 8. dxe5 dxe5 9. b4 e4 10. Nxe4 Nxe4 11. Bd2 Nxd2 12. Qxd2 Bxa1 13. Rxa1 Qf6 14. Rb1 Ne5 15. Be2 Bf5 16. Rc1 Rad8 17. Qc3 Nxf3+ 18. gxf3 Qxc3 19. Rxc3 Rd2 20. e4 Bh3 21. Re3 Rfd8 22. Bf1 Rd1 0-1